| 000 | 00570nam a2200205 a 4500 | ||
|---|---|---|---|
| 001 | 38629 | ||
| 003 | BD-RjUL | ||
| 005 | 20211209052830.0 | ||
| 008 | 160128b1966 PK ||||| |||| 00| 0 URD d | ||
| 035 | _a(BD-RjUL) 38737 | ||
| 040 |
_aBD-RjUL _burd _cBD-RjUL |
||
| 041 | _aurd | ||
| 082 |
_220 _a891.4309 _bHUA 1966 |
||
| 100 |
_aHusain,fakhar _9119222 |
||
| 245 |
_a / adab aur adeeb ادب اور اديب _cfakhar husain |
||
| 260 |
_aLahore : _bnagar i shat, _c1988 |
||
| 300 |
_a210 p. ; _c25 cm. |
||
| 650 |
_aUrdu literature _vcriticism _9119223 |
||
| 942 |
_2ddc _cBK |
||
| 999 |
_c38629 _d38629 |
||